| 000 | 00638nam a2200205Ia 4500 | ||
|---|---|---|---|
| 003 | GCL | ||
| 008 | 140319s9999 xx 000 0 ara d | ||
| 040 |
_aGCL / _cGCL |
||
| 082 | 0 | 4 |
_a413.028 _bا ف \\=aالبستانى: بطرس بن بولس بن عبد اللهv |
| 245 | 1 | 0 | _aفى المعحمية العربية المعاصرة |
| 700 | 1 | _aورينحارت دوزى | |
| 700 | 1 | _aاحمد فارس الشدياق | |
| 260 |
_a[S.N] : _bدار الغرب الاسلامى |
||
| 300 | _a67 رص | ||
| 490 | _a | ||
| 650 | 0 | 4 | _aتاريخ |
| 650 | 0 | 4 | _aاللغة العربية |
| 650 | 0 | 4 | _aالمعاجم |
| 942 |
_2ddc _cBK |
||
| 999 |
_c28540 _d28540 |
||